000 00567nam a2200193 4500
001 123953
003 ES-MaACL
005 20250727035326.0
007 t|
008 070214s1933 sp r ||||1| spa d
100 1 _aRamos Oliveira, A.
_995343
245 1 0 _aAlemania ayer y hoy /
_cAntonio Ramos Oliveira.
260 _aMadrid :
_bBolaños y Aguilar,
_c1933.
300 _a348 p. ;
_c20 cm.
650 0 4 _aSocialismo-
_zAlemania
_917149
651 4 _aAlemania-
_xPolítica y gobierno-
_y1918-1933.
_9163667
852 _aES-MaACL
_jB-7758
999 _c123953
_d123953